| 000 | 00792nam a2200241 a 4500 | ||
|---|---|---|---|
| 001 | |||
| 003 | DO-SdBNP | ||
| 005 | 20210914105024.0 | ||
| 008 | 180606s2018 dr a 000 spa d | ||
| 020 | _a9789945131963 | ||
| 040 |
_aDO-SdBNP _bspa _cBPMSU |
||
| 082 |
_a411 _bG112b 2018 _222 |
||
| 100 | 1 | _aGabarró Berbegal, Daniel | |
| 245 | 1 | 0 |
_aBuena ortografía sin esfuerzo con PNL : _bpropuesta metodológica para docentes / _cDaniel Gabarró Berbegal ; Conxita Puigarnau Gracia. |
| 260 |
_aSanto Domingo : _bMediabyte, _c2018. |
||
| 300 |
_a86 p. : _bil. ; _c22 cm. |
||
| 590 | _aInventariado,2021/VM | ||
| 650 | 4 |
_aEspañol _xOrtografía _xEnseñanza |
|
| 650 | 4 |
_aEspañol _xGramática _xEnseñanza |
|
| 700 | _aPuigarnau Gracia, Conxita | ||
| 910 | _aVMateo V. | ||
| 942 |
_2ddc _cBK |
||
| 999 |
_c13728 _d13728 |
||